| 000 | 00966njm a22002897a 4500 | ||
|---|---|---|---|
| 005 | 20100915145215.0 | ||
| 006 | a|||||r|||||00| 0 | ||
| 007 | sd ammalaaahaa | ||
| 008 | 100910t xxu||||| |||| 00| 0 eng d | ||
| 028 |
_aS/ECLP.5463 _bHis Masters's Voice |
||
| 035 | _aGR-02560 | ||
| 040 | _aSED/VEN | ||
| 100 | _91184 | ||
| 245 |
_aSide-1 & 2 Immortal love scenes of kabhi kabhi / _bDialogues and songs _cmusic by Khiyyaam ; lyrics by Sahir |
||
| 260 |
_aDum Dum, India _bHis Master's Voice _c1976 |
||
| 300 |
_a1 sound disc : [Gramophone Record] _banalog, 331/3 rpm _c12 in. (LP) _fGramophone Records |
||
| 500 | _aBrief record. | ||
| 500 | _aHis Master's Voice | ||
| 500 | _aOrange | ||
| 650 |
_xExcerpts _zIndia _919370 _aClassical Music _vDialogues and songs |
||
| 700 | _919371 | ||
| 700 | _919937 | ||
| 700 | _919372 | ||
| 700 | _919676 | ||
| 942 |
_2ddc _cGR |
||
| 999 |
_c45991 _d45991 |
||